000 00599cab a2200217 4500
001 X680
008 090401t1993 xxu||||| |||| 00| 0 eng d
035 _a(Sirsi) u67001
041 _aeng
245 _aCommunity forests : an opportunity for people to improve their environment
260 _c1993
350 _a0
490 _aRural Practice Bulletin
_vMarch/April 1993, 13-14(2)
650 _aCOMMUNITY FORESTS
650 _aCOUNTRYSIDE COMMISSION
650 _aFORESTRY
690 _aENVIRONMENTAL AND LAND CONSULTANCY
690 _aRURAL PRACTICE
942 _n0
948 _c04/03/1997
999 _c41893
_d41893